Trouvez les pays - M - Statistiques

Statistiques générales
  • Ce quiz a été pris 110 fois
  • Le résultat moyen est 14 sur 18
Statistiques - réponses
Par images Réponse % Correct
Maroc
95%
Mexique
94%
Monténégro
88%
Madagascar
87%
Mali
87%
Mauritanie
87%
Monaco
85%
Malaisie
84%
Mozambique
84%
Moldavie
82%
Malte
81%
Mongolie
79%
Maldives
73%
Malawi
69%
Micronésie
63%
Maurice
59%
Îles Marshall
51%
Myanmar
45%
Aucun quiz correspondant
Distribution des résultats
% des personnes avec chaque résultat
Percentile par nombre de réponses
Votre historique - résultats
Vous n’avez pas pris ce quiz